Who is safe? Sudden death - Statistics

General Stats
  • This quiz has been taken 48 times
  • The average score is 8 of 23
Answers on the Grid
Answers color-coded by a green-red scale on the quiz's grid according to % correct below.
a
b
c
d
e
f
g
h
i
j
k
l
m
n
o
p
q
r
s
t
u
v
w
x
y
z
 
Answer Stats
Answer % Correct
a
58%
b
53%
f
44%
c
42%
l
42%
g
39%
j
39%
o
39%
z
39%
i
36%
d
33%
e
33%
n
31%
r
31%
m
28%
u
28%
w
28%
h
25%
p
25%
q
25%
t
25%
y
25%
x
22%
No matching quizzes found
Score Distribution
Percent of People with Each Score
Percentile by Number Answered
Your Score History
You have not taken this quiz